000 00445nam a2200181Ia 4500
001 4377
005 20260306145751.0
008 260306t2015||||xx |||||||||||||| ||spa||
041 _aESP
082 _a320.985
_bP43 T. 5
100 _aContreras Carranza, Carlos
_eAUT
245 0 _aPerú:
_bla búsqueda de la democracia: tomo 5 - 1960/2010
260 _c2015
300 _a
_c
650 _aGEN
654 _aCDE
942 _cLIB
_dJUS
_fJUS
_2ddc
_n
999 _c4377
_d4377